KOHA-Header-6

Project Management and Teamwork (Record no. 2777)

000 -LEADER
fixed length control field 00300nam a2200121Ia 4500
008 - FIXED-LENGTH DATA ELEMENTS--GENERAL INFORMATION
fixed length control field 190902s9999||||xx |||||||||||||| ||und||
020 ## - INTERNATIONAL STANDARD BOOK NUMBER
International Standard Book Number 1-56052-264-x
100 ## - MAIN ENTRY--PERSONAL NAME
Personal name Karl A.Smith
245 #0 - TITLE STATEMENT
Title Project Management and Teamwork
260 ## - PUBLICATION, DISTRIBUTION, ETC. (IMPRINT)
Place of publication, distribution, etc New York
Name of publisher, distributor, etc McGraw Hill
Date of publication, distribution, etc 119
300 ## - PHYSICAL DESCRIPTION
Extent 2000
942 ## - ADDED ENTRY ELEMENTS (KOHA)
Koha item type Books
Holdings
Withdrawn status Lost status Source of classification or shelving scheme Damaged status Not for loan Collection code Permanent Location Current Location Shelving location Date acquired Barcode Date last seen Price effective from Koha item type
          Management MAJU MAJU   2019-09-02 6434 2019-09-02 2019-09-02 Management

Powered by Koha